000 00493nam a22001697a 4500
003 OSt
005 20120302151413.0
008 091105t xxu||||| |||| 00| 0 eng d
035 _a१६१८८
040 _cमराठी
100 _aवैशंपायन,मंगेश
_99722
222 _aखेळ
245 _aअँथलेटिक्स खेळाची ओळख
260 _aपुणे
_bजयदीप
300 _b३२ पाने
942 _2ddc
_cBOOK
999 _c494481
_d494478